| 000 | 00873cam a2200265 4500 | ||
|---|---|---|---|
| 008 | 090401t1993 xxu||||| |||| 00| 0 eng d | ||
| 020 | _a085459809X | ||
| 035 | _a(Sirsi) u71786 | ||
| 041 | _aeng | ||
| 050 | _a333.330944 | ||
| 100 | _aBaker, Keith F.C. | ||
| 245 | _aBuying and selling a residence in France. | ||
| 260 |
_aCroydon _bTolley Publishing Company _c1993 |
||
| 300 | _axiv,134p. ; 23cm. | ||
| 350 | _a24.95 | ||
| 520 | _aAimed at professionals advising clients wishing to buy property in France, the book looks at the ways of acquiring property and their relative merits as well as the consumer protection aspects of the process. | ||
| 650 | _aCONTRACT | ||
| 650 | _aCONVEYANCING | ||
| 650 | _aFRANCE | ||
| 650 |
_aRESIDENTIAL PROPERTY _96266 |
||
| 690 | _aOVERSEAS-EUROPE | ||
| 700 | _aDaublon, Georges | ||
| 942 | _n0 | ||
| 948 | _c04/03/1997 | ||
| 999 |
_c95438 _d95438 |
||